000 00290nam a2200109Ia 4500
008 190216s9999||||xx |||||||||||||| ||und||
100 _aSohrab R Davar
245 0 _aBusiness Organisation And Industrial Management
260 _bHimalaya Publishing House
_c1969
300 _a1394p
942 _cBK
999 _c4653
_d4653